000 00782nam a2200229 i 4500
001 166079
003 ES-MaACL
005 20250813015839.0
008 931025s1878 it |||| | ita d
100 1 _aTasso, Torquato (
_d1544-1595)
_9109373
245 1 0 _aDialoghi scelti /
_cdi Torquato Tasso ; con gli argoment, del covaliere Alessandro Mortara.
250 _aEd. stereotipo.
260 _aMilano :
_bEdoardo Sonzogno,
_c1878.
300 _a349 p. ;
_c19 cm.
490 1 _aBiblioteca classica economica ;
_v58
700 1 1 _aMortara, Alessandro.
_9130221
700 1 1 _aSonzogno, Edoardo,
_eed.
_9132820
752 _aItalia -
_dMilán
830 0 0 _aBiblioteca classica economica
_v58
_9182054
852 _aES-MaACL
_jF-10612(2)
_z-- Enc. hol.
999 _c166079
_d166079